|
|
|
|
| LEADER |
00000nam a22000007a 4500 |
| 005 |
20190905214026.0 |
| 007 |
cr|||| |||| |
| 008 |
190905s2013 co |||||s|||| 00||0 spa d |
| 020 |
|
|
|a 978-958-771-025-0
|
| 035 |
|
|
|a 24791
|
| 040 |
|
|
|a vLex
|
| 090 |
|
|
|c 9413
|d 9413
|
| 100 |
1 |
|
|a Mantilla Blanco, Samuel Alberto
|
| 245 |
1 |
0 |
|a Entendiendo lo bs̀ico
|h [Recurso electrn̤ico] :
|b Los IFRS/NIIF bien desde la primera vez /
|c Samuel Alberto Mantilla Blanco
|
| 256 |
|
|
|a Servicio en ln̕ea
|
| 260 |
|
|
|a Bogot:̀
|b ECOE,
|c 2013
|
| 300 |
|
|
|a 1 recurso electrn̤ico
|
| 506 |
1 |
|
|a Disponible solo en los productos indicados
|d vLex Global
|d vLex Global (Academic Edition, excluding Law Schools)
|d vLex Global (U.S. Academic Edition, Law Schools)
|d vLex Global (U.S. Academic Edition, excluding Law Schools)
|d vLex Global (Academic Edition, Law Schools)
|
| 650 |
0 |
4 |
|a Derecho Tributario
|z Colombia
|
| 740 |
0 |
|
|a vLex Libros (Servicio en ln̕ea)
|
| 856 |
4 |
0 |
|u http://vlex.com/source/entendiendo-basico-ifrs-niif-bien-primera-vez-24791
|z Acceso restringido
|
| 942 |
|
|
|c BOOK
|
| 999 |
0 |
|
|a Tax Law
|